words - Statistics

General Stats
  • This quiz has been taken 3 times
  • The average score is 6 of 10
Answer Stats
Question Answer % Correct
what is autobiographical describing something that took place in someones life
100%
chronological when the events are arranged in the order they happened
100%
what is caesura a pause in a line of poetry
67%
whats colloquial sounding like everyday chat
67%
Denote ambiguity when a word has more than one interpretation
67%
define alliteration when words nearby start with the same sound
67%
Define dailect a variation of a language spoken by people of particular backgrounds or places
33%
blank verse poetry written in iambic pentameter that doesn't rhyme at all
33%
assonance when words have the same vowel sound but different consonant sounds
33%
consonance repetition of consonant sounds in nearby words
0%
No matching quizzes found
Score Distribution
Percent of People with Each Score
Percentile by Number Answered
Your Score History
You have not taken this quiz